Sick Boi - Ren - Statistics

General Stats
  • This quiz has been taken 7 times
  • The average score is 12 of 18
Answer Stats
Songs Plays Artists % Correct
Seven Sins 10,817,747 Ren
100%
Sick Boi 12,085,945 Ren
100%
Sick Boi, Pt. 2 2,875,559 Ren
100%
Animal Flow 10,195,372 Ren
80%
Down on the Beat 11,712,423 Ren, Viktus
80%
Genesis 14,726,252 Ren
80%
Love Music, Pt. 4 5,586,210 Ren
80%
Money Game, Pt. 3 15,947,498 Ren
80%
Murderer 20,254,303 Ren
80%
Wicked Ways 2,567,862 Ren
80%
Illest Of Our Time 7,450,277 Ren
60%
Masochist 4,442,248 Ren
60%
The Hunger 10,956,703 Ren
60%
What You Want 12,103,909 Ren
60%
Loco 3,369,429 Ren
40%
Lost All Faith 8,505,602 Ren
40%
Uninvited 4,970,723 Ren
40%
Suic*de 9,897,198 Ren
20%
No matching quizzes found
Score Distribution
Percent of People with Each Score
Percentile by Number Answered
Your Score History
You have not taken this quiz